Zwyciężcy Ligi Mistrzów 1956-2023 - Statystyki

Ogólne statystyki
  • Ten quiz został rozwiązany 161 razy
  • Średni wynik to 59 z 68
Statystyki odpowiedzi
Hint Odpowiedź % Poprawnych
1992 FC Barcelona
100%
2006 FC Barcelona
100%
2009 FC Barcelona
100%
2011 FC Barcelona
100%
2015 FC Barcelona
100%
1956 Real Madryt
100%
1957 Real Madryt
100%
1958 Real Madryt
100%
1959 Real Madryt
100%
1960 Real Madryt
100%
1966 Real Madryt
100%
1998 Real Madryt
100%
2000 Real Madryt
100%
2002 Real Madryt
100%
2014 Real Madryt
100%
2016 Real Madryt
100%
2017 Real Madryt
100%
2018 Real Madryt
100%
2022 Real Madryt
100%
1968 Manchaster United
99%
1999 Manchaster United
99%
2008 Manchaster United
99%
1974 Bayern Monachium
97%
1975 Bayern Monachium
97%
1976 Bayern Monachium
97%
2001 Bayern Monachium
97%
2013 Bayern Monachium
97%
2020 Bayern Monachium
97%
2023 Manchaster City
97%
1977 Liverpool F.C.
96%
1978 Liverpool F.C.
96%
1981 Liverpool F.C.
96%
1984 Liverpool F.C.
96%
2005 Liverpool F.C.
96%
2019 Liverpool F.C.
96%
1963 A.C. Milan
93%
1969 A.C. Milan
93%
1989 A.C. Milan
93%
1990 A.C. Milan
93%
1994 A.C. Milan
93%
2003 A.C. Milan
93%
2007 A.C. Milan
93%
2012 Chelsea F.C.
91%
2021 Chelsea F.C.
91%
1964 Inter Mediolan
90%
1965 Inter Mediolan
90%
2010 Inter Mediolan
90%
1987 FC Porto
86%
2004 FC Porto
86%
1985 Juventus Turyn
86%
1996 Juventus Turyn
86%
1971 Ajax Amsterdam
77%
1972 Ajax Amsterdam
77%
1973 Ajax Amsterdam
77%
1995 Ajax Amsterdam
77%
1997 Borussia Dortmund
77%
1979 Nottingham Forest
66%
1980 Nottingham Forest
66%
1993 Olympique Marsylia
66%
1962 SL Benfica
66%
1961 SL Benfica
65%
1986 Steaua Bukareszt
52%
1982 Aston Villa
50%
1967 Celtic F.C.
49%
1991 FK Crvena zvezda
49%
1988 PSV Eidhoven
48%
1983 Hamburger SV
45%
1970 Fayenoord Rotterdam
22%
Nie znaleziono quizów pasujących do podanych kryteriów
Rozkład punktacji
Procent ludzi z każdym wynikiem
Percentyl według liczby udzielonych odpowiedzi
Twoja historia wyników
Nie rozwiązałeś tego quizu